00808nam a2200181 a 450000100100000000500170001000800410002704000250006808200140009311000610010724500460016826000530021430000200026750002010028704900090048895201120049799900170060900001429920240307073950.0091209s1988 dr 000 0 spa d aDO-SdBNPbspacBNPHU axxxbR4261 aRepública Dominicana.b Junta Central Electoral96460510aElecciones generales del 16 mayo de 1986. aSanto Domingo :bJunta Central Electoral,c1988. a79 p. ;c19 cm. aRelación general del resultado de las elecciones generales ordinarias del 16 de mayo de 1986 y determinación de los candidatos elegidos para los cargos nacionales, congresionales y municipales aBNPD 0010718PDaPDbPDcCTd2009-12-09iLF1l0oxxx R426p14299-10r2020-06-25w2020-06-25yLFPDZNo se presta c13895d13895